000 00445cam a2200193ua 4500
001 8793
005 20260515114358.0
008 150214n ii |||gr||||Z||||||eng
040 _cMAIN
041 _aeng
082 _a824
100 _aLockitt, C. H.,
_eEditor.
245 1 _aArt of the essayist
_cEdited by C. H. Lockitt
250 _a1st.
260 _aDelhi:
_bLongman,
_c1995.
300 _a294.
653 _aEnglish essays
942 _cBK
999 _c7881
_d7881